England in the eighteenth century
Guardat en:
| Autor principal: | |
|---|---|
| Format: | Llibre |
| Idioma: | anglès |
| Publicat: |
Londres
Penguin Books
1950
|
| Col·lecció: | <The >pelican history of England
|
| Matèries: | |
| Etiquetes: |
Afegir etiqueta
Sense etiquetes, Sigues el primer a etiquetar aquest registre!
|
MARC
| LEADER | 00000nam a2200000 a 4500 | ||
|---|---|---|---|
| 001 | UCZ8248 | ||
| 003 | CL-VaPUC | ||
| 008 | 960119e19500000UK |||||||||||||||||eng|d | ||
| 082 | 0 | 4 | |a 942 |b PLU |2 21 |
| 100 | 0 | |a Plumb, J. H |e author |9 353471 | |
| 245 | 1 | 0 | |a England in the eighteenth century |
| 300 | |a 224 p | ||
| 942 | |c BK | ||
| 945 | |d 19960119 00:00:00 |a rleighto | ||
| 260 | |a Londres |b Penguin Books |c 1950 | ||
| 650 | 7 | |a HISTORIA DE INGLATERRA SIGLOS 18-19 |2 CL-VaPUC |9 353472 | |
| 651 | 0 | |a Inglaterra |9 255158 | |
| 583 | |a last modification |c 20160830 04:55:04 |k Rodrigo Vera | ||
| 490 | 0 | |a <The >pelican history of England | |
| 999 | |c 244185 |d 244183 | ||
| 952 | |0 0 |1 0 |4 0 |6 942_000000000000000_PLU_1950 |7 0 |8 A |9 258162 |a BIBEDU |b BIBEDU |d 2019-11-19 |h v.7 |i 3171124 |o 942 PLU 1950 |p 3171124 |r 2019-11-19 |w 2019-11-19 |y BK |k LIT | ||